A menina que descobriu o Brasil (Record no. 133235)

MARC details
000 -LÍDER
campo de controle de tamanho fixo 00623 a2200205 4500
001 - NÚMERO DE CONTROLE
campo de controle 133235
020 ## - ISBN - INTERNATIONAL STANDARD BOOK NUMBER
ISBN - International Standard Book Number 85-322-4604-4
040 ## - FONTE DA CATALOGAÇÃO
Instituição que transcreveu o registro Leonardo Da Vinci
041 ## - CÓDIGO DE IDIOMA
Código do idioma do texto/trilha sonora ou título diferente Português
082 ## - CDD - CLASSIFICAÇÃO DECIMAL DE DEWEY
Número de Classificação J L419me
Número do exemplar L419me
100 ## - ENTRADA PRINCIPAL--NOME PESSOAL
Nome pessoal LAURITO, Ilka Brunhilde
245 ## - TÍTULO
Título A menina que descobriu o Brasil
260 ## - PUBLICAÇÃO, DISTRIBUIÇÃO, ETC.
Nome do editor, distribuidor, etc. FTD
Data da publicação, distribuição, etc. 2001
Local de publicação, distribuição, etc. São Paulo
300 ## - DESCRIÇÃO FÍSICA
Extensão 166
362 ## - DATAS DE PUBLICAÇÃO E/OU DESIGNAÇÃO SEQUENCIAL
Datas de publicação e/ou designação sequencial 20010000
490 ## - TÍTULO DA SÉRIE
Título da série Espelhos
500 ## - NOTA GERAL
Nota geral Patricia Lima (Ilustração)
-- Recebeu Prêmio Alejandro Cabassa / UBE-RJ 1995
697 ## - ENTRADA DE ASSUNTO LOCAL--ENTIDADE COLETIVA (RLIN)
Nome corporativo ou nome da jurisdição Literatura juvenil
-- Literatura infanto-juvenil
-- Brasil
-- Aventura
-- Família
-- Imigração
-- Costumes
942 ## - ELEMENTOS DE ENTRADA ADICIONADOS (KOHA)
Tipo de material Koha Livros
Holdings
Situação do descarte Situação das perdas Situação física Não pode ser emprestado Biblioteca de origem Biblioteca atual Data de aquisição Total de empréstimos Número de chamada completo Código de barras Data de último acesso Data do preço efetivo Tipo de material Koha
        Leonardo Da Vinci - Granja Viana Leonardo Da Vinci - Granja Viana 27/03/2024   J L419me G00877 27/03/2024 27/03/2024 Livros
        Leonardo Da Vinci - Osasco Leonardo Da Vinci - Osasco 27/03/2024   J L419me O008041 27/03/2024 27/03/2024 Livros
        Leonardo Da Vinci - Osasco Leonardo Da Vinci - Osasco 27/03/2024   J L419me O008042 27/03/2024 27/03/2024 Livros
        Leonardo Da Vinci - Osasco Leonardo Da Vinci - Osasco 27/03/2024   J L419me O008043 27/03/2024 27/03/2024 Livros
        Leonardo Da Vinci - Osasco Leonardo Da Vinci - Osasco 27/03/2024   J L419me O009667 27/03/2024 27/03/2024 Livros
        Leonardo Da Vinci - Osasco Leonardo Da Vinci - Osasco 27/03/2024   J L419me O016659 27/03/2024 27/03/2024 Livros